| 000 | 00548nam a2200181Ia 4500 | ||
|---|---|---|---|
| 008 | 190427s9999 xx 000 0 und d | ||
| 100 | _aHan Bo | ||
| 245 | _aSocial Media Burnout : Definition, measurement instrument and why we care/ | ||
| 245 | _c.-- | ||
| 260 | _bTaylor and Francis Group | ||
| 260 | _c2018 | ||
| 300 | _apages 122-130, 2018 | ||
| 440 |
_aJournal of Computer Inforamation System _v58(2) |
||
| 650 | _aAmbivalence | ||
| 650 | _aEmotional Exhaution | ||
| 650 | _aSocial Media Burnout | ||
| 650 | _aSocial media continuance | ||
| 999 |
_c361718 _d361718 |
||